00468nam a2200205Ia 450000500170000000800460001702000180006303700100008104000080009104000080009904000080010704100080011504100080012308400080013124500220013926000310016126000090019265000120020185600490021320260306150614.0008 260114s9999 xx 000 0 eng d a9780691187419 aEbook aCRL beng cCRL 2eng aeng qCRL 0aInside Relativity bPrinceton University Press c1987 aPhysics uhttps://www.degruyter.com/isbn/9780691187419